000
00295nam a22001337a 4500
008
170606b xxu||||| |||| 00| 0 eng d
020
_a
9780872893061
041
_a
eng
080
_2
3RD
_a
328
100
_a
18
101
_a
SHP
245
_a
UNORTHODOX LAWMAKING
_c
SINCLAIR,B
942
_2
udc
_c
BK
999
_c
16202
_d
16202